000 00451pab a2200157 454500
008 180718b2008 xxu||||| |||| 00| 0 eng d
100 _aRoy Burman, B.K.
245 _aAmbiguities, incongruities, inadequacies in scheduled tribes and other technical forest dwellers (recognition of forest rights) act 2006
260 _c2008
300 _ap.6-10.
362 _a28 Mar
650 _aTribes
773 _aMainstream
908 _aN
909 _a77653
999 _c77653
_d77653